000 01121cam a22003614a 4500
001 15884410
003 OSt
005 20140310182851.0
008 090828s2009 ph b 000 0 eng
010 _a 2009316823
020 _a9789715848688
040 _aDLC
_cDLC
042 _alcode
043 _aa-ph---
050 0 0 _aKPM2832
_b.Ur72 2009
082 _aFIL 336.2012
_bUr1 2009
100 1 _aUrbano, Bartolome R.
245 1 0 _aIncome taxation made available /
_cUrbano, Bartholomew
260 _aQuezon City, Philippines :
_bC & E Pub.,
_c2009.
300 _avi, 583 p. ;
_c23 cm.
504 _aIncludes bibliographical references (p. [584]).
521 _acollege students
526 _c1210L-1700L
541 _j1
541 _j1
541 _j1
541 _j1
562 _efor circulation. 4 copies available in the collection
650 0 _aIncome tax
_xLaw and legislation
_zPhilippines.
906 _a7
_bcbc
_corigode
_d3
_encip
_f20
_gy-gencatlg
942 _2lcc
_cBK
_kFIL
999 _c16992
_d16992